000 00305nam a2200109 4500
999 _c9742
_d9742
008 180716b ||||| |||| 00| 0 eng d
245 _aEstate tax tops proposed tax amnesty program: DOF.
260 _aDavao City
_bSun Star Davao
_cc2017
300 _apage 8.
650 0 _928925
_aTaxation.
942 _2ddc
_cPER